Cõi học và người thầy Chân dung các giáo sư ngành khoa học xã hội :Bút ký
Ghi lại chân dung, phong cách gần gũi trong đời sống thường nhật của các thầy giáo: Nguyễn Khánh Toàn, Đặng Thai Mai, Trần Văn Giàu, Hoàng Xuân Nhị, Trần Đức Thảo, Trương Tửu, Nguyễn Lương Ngọc; TM tài liệu tham khảo tr. 288 - 293...
Bewaard in:
| Hoofdauteur: | |
|---|---|
| Formaat: | Boek |
| Taal: | Undetermined |
| Gepubliceerd in: |
H.
Công an nhân dân
2017
|
| Onderwerpen: | |
| Online toegang: | http://lrc.tdmu.edu.vn/opac/search/detail.asp?aID=2&ID=32987 |
| Tags: |
Voeg label toe
Geen labels, Wees de eerste die dit record labelt!
|
| Thư viện lưu trữ: | Trung tâm Học liệu Trường Đại học Thủ Dầu Một |
|---|
| LEADER | 01065nam a2200217Ia 4500 | ||
|---|---|---|---|
| 001 | TDMU_32987 | ||
| 008 | 210410s9999 xx 000 0 und d | ||
| 082 | |a 959.70099 | ||
| 090 | |b H100 | ||
| 100 | |a Hà, Minh Đức | ||
| 245 | 0 | |a Cõi học và người thầy | |
| 245 | 0 | |b Chân dung các giáo sư ngành khoa học xã hội :Bút ký | |
| 245 | 0 | |c Hà Minh Đức | |
| 260 | |a H. | ||
| 260 | |b Công an nhân dân | ||
| 260 | |c 2017 | ||
| 300 | |a 295 tr | ||
| 520 | |a Ghi lại chân dung, phong cách gần gũi trong đời sống thường nhật của các thầy giáo: Nguyễn Khánh Toàn, Đặng Thai Mai, Trần Văn Giàu, Hoàng Xuân Nhị, Trần Đức Thảo, Trương Tửu, Nguyễn Lương Ngọc; TM tài liệu tham khảo tr. 288 - 293 | ||
| 650 | |a Khoa học xã hội |x Giáo sư |z Việt Nam |v Bút kí | ||
| 856 | |u http://lrc.tdmu.edu.vn/opac/search/detail.asp?aID=2&ID=32987 | ||
| 980 | |a Trung tâm Học liệu Trường Đại học Thủ Dầu Một | ||